Alore: the Ilorin journal of the humanities (Record no. 38069)

MARC details
000 -LEADER
fixed length control field 00450nam a2200169Ia 4500
022 ## - INTERNATIONAL STANDARD SERIAL NUMBER
ISSN 0794445/ 07944551
050 ## - CALL MARK
Classification number AS 633 .I45 A17/
245 #0 - TITLE STATEMENT
Title Alore: the Ilorin journal of the humanities
260 ## - PUBLICATION, DISTRIBUTION, ETC. (IMPRINT)
Place of publication Ilorin
260 ## - PUBLICATION, DISTRIBUTION, ETC. (IMPRINT)
Name of publisher Faculty of Arts University of Ilorin
260 ## - PUBLICATION, DISTRIBUTION, ETC. (IMPRINT)
Year of publication 2007
300 ## - PHYSICAL DESCRIPTION
Number of Pages v. ; 20 cm.
650 ## - SUBJECT ADDED ENTRY--TOPICAL TERM
Topical Term Humanities--Periodicals.
942 ## - ADDED ENTRY ELEMENTS (KOHA)
Koha item type Serials

No items available.